[Event "AUTO-ADV-1277"]
[Site "http://www.queenalice.com/game.php?id=566249"]
[Date "2009.4.3"]
[Round "1"]
[White "giordanol"]
[Black "DORLISS"]
[Result "0-1"]
[WhiteElo "1781"]
[BlackElo "1889"]

1. e4 e5 2. Nf3 Nc6 3. Bb5 d6 4. d4 f6 5. dxe5 fxe5 6. Nxe5 dxe5 7. Qh5+ Ke7 8.
Bg5+ Nf6 9. Bc4 Be6 10. Bxe6 Kxe6 0-1

[Event "AUTO-ADV-1277"]
[Site "http://www.queenalice.com/game.php?id=566250"]
[Date "2009.4.3"]
[Round "1"]
[White "DORLISS"]
[Black "giordanol"]
[Result "0-1"]
[WhiteElo "1810"]
[BlackElo "1791"]

1. e4 e5 2. Nf3 Nc6 3. Bb5 a6 4. Ba4 Nf6 5. O-O Be7 6. Re1 b5 7. Bb3 O-O 8. c3
d5 9. d3 dxe4 10. dxe4 Qxd1 11. Bxd1 Bc5 12. Bg5 Ne8 13. Nbd2 Nd6 14. Nb3 Bb6
15. Bc2 f6 16. Bh4 Be6 17. Rad1 Nc4 18. Rb1 Rad8 19. Re2 Bg4 20. h3 Bxf3 21.
gxf3 N6a5 22. Kg2 Rd6 23. Bg3 Rfd8 24. f4 Nxb3 25. Bxb3 Rd2 26. Rxd2 Rxd2 27.
fxe5 fxe5 28. Rd1 Rxb2 29. Rd8+ Kf7 30. Bh4 Kg6 31. Kf3 Nd2+ 32. Kg4 Nxb3 33.
axb3 Bxf2 34. Bxf2 Rxf2 35. Rd7 Rf4+ 36. Kg3 Rxe4 37. Kf3 Re1 38. Rxc7 Rb1 39.
Rc6+ Kf5 40. b4 Rb3 41. Rc5 Ra3 42. h4 a5 43. Ke2 axb4 44. cxb4 Ke4 45. Rxb5
Ra2+ 46. Kd1 Ke3 47. Rxe5+ Kd3 48. Ra5 Rb2 49. Rd5+ Kc4 50. Rd7 Rg2 51. Rb7 Kd3
52. Ke1 h5 53. b5 Rg4 54. b6 Rxh4 55. Rd7+ Ke3 56. Kf1 Kf3 57. Kg1 Rb4 58. b7 g5
59. Rf7+ Kg4 60. Rd7 Rb5 61. Kg2 h4 62. Rd4+ Kh5 63. Rd7 Kg6 64. Rc7 Rb3 65.
Rc6+ Kf7 66. Rc7+ Ke6 67. Rg7 Kf6 68. Rc7 h3+ 69. Kh2 g4 70. Rc6+ Kg5 71. Rc5+
Kh4 72. Rc7 g3+ 0-1

[Event "AUTO-ADV-1277"]
[Site "http://www.queenalice.com/game.php?id=611768"]
[Date "2009.7.1"]
[Round "2"]
[White "Huruka"]
[Black "giordanol"]
[Result "1-0"]
[WhiteElo "2017"]
[BlackElo "1827"]

1. e4 e5 2. Nf3 Nc6 3. Bc4 Bc5 4. O-O Nge7 5. c3 O-O 6. d4 exd4 7. cxd4 Bb6 8.
Bg5 Na5 9. Bd3 f6 10. Be3 d5 11. Nc3 dxe4 12. Bxe4 Nc4 13. Qc2 f5 14. Bd3 Be6
15. Rad1 Nxe3 16. fxe3 g6 17. Qf2 Nc8 18. Qg3 Ne7 19. Ng5 Bd7 20. Qe5 Nc6 21.
Bc4+ Rf7 22. Bxf7+ Kf8 23. Qh8+ Ke7 24. Nd5+ Kd6 25. Ne4+ 1-0

[Event "AUTO-ADV-1277"]
[Site "http://www.queenalice.com/game.php?id=611769"]
[Date "2009.7.1"]
[Round "2"]
[White "giordanol"]
[Black "Huruka"]
[Result "1/2-1/2"]
[WhiteElo "1892"]
[BlackElo "1949"]

1. e4 e5 2. Nf3 Nc6 3. Bb5 a6 4. Ba4 b5 5. Bb3 Nf6 6. O-O Be7 7. Re1 O-O 8. c3
d5 9. exd5 Nxd5 10. Nxe5 Nxe5 11. Rxe5 Nf6 12. d4 Bb7 13. Bg5 Qd6 14. Qe2 Rae8
15. Bxf6 Qxf6 16. Qd3 Bd6 17. Rxe8 Rxe8 18. Nd2 Qg5 19. Nf3 Qf4 20. d5 Bc8 21.
g3 Qf6 22. Re1 Rxe1+ 23. Nxe1 Bb7 24. f4 g6 25. Nf3 Qe7 26. a4 Qd7 27. axb5 axb5
28. Ba2 Bc5+ 29. Kg2 c6 30. Ne5 Qd6 31. dxc6 Bxc6+ 32. Kf1 Qxd3+ 33. Nxd3 Bb6
34. Ne5 Be8 35. Ng4 Kg7 36. c4 Bd4 37. b3 bxc4 38. bxc4 Bd7 39. Ne5 Bh3+ 40. Ke2
Bc5 41. g4 f6 42. Nd3 Bxg4+ 43. Kd2 Bg1 44. h4 Bf5 45. Bb3 Bh2 46. c5 Bxd3 47.
Kxd3 Bxf4 48. c6 h6 49. Ke4 Be5 50. Be6 Kf8 51. Bd7 Ke7 52. Kd5 Bc7 53. h5 f5
54. hxg6 f4 55. Be6 Kf6 56. Bf5 f3 57. Bd3 h5 58. g7 Kxg7 59. Ke6 f2 60. Kf5 Kh6
61. Bf1 Bg3 62. Ke4 Kg5 63. Kf3 h4 64. c7 1/2-1/2

[Event "AUTO-ADV-1277"]
[Site "http://www.queenalice.com/game.php?id=611770"]
[Date "2009.7.1"]
[Round "2"]
[White "volga1"]
[Black "giordanol"]
[Result "0-1"]
[WhiteElo "1873"]
[BlackElo "1808"]

1. e4 e5 2. Nf3 Nc6 3. Bc4 Bc5 4. c3 Nf6 5. b4 Bb6 6. O-O d6 7. d4 exd4 8. cxd4
O-O 9. Bf4 Nxe4 10. b5 Na5 11. Bd5 Nf6 12. Bb3 Bd7 13. Nc3 Re8 14. Re1 Rxe1+ 15.
Qxe1 Nxb3 16. axb3 Qe8 17. Qd2 Qe6 18. Re1 Qxb3 19. Bg5 Nd5 20. Nxd5 Qxd5 21.
Re7 Bxb5 22. Qe1 f6 23. Rxg7+ Kxg7 24. Qe7+ Qf7 25. Bh6+ Kg8 26. Qxf7+ Kxf7 27.
Nh4 a5 28. Bc1 Bxd4 29. Nf5 Be5 30. Ba3 c5 31. f3 Bd3 32. Nh6+ Ke6 0-1

[Event "AUTO-ADV-1277"]
[Site "http://www.queenalice.com/game.php?id=611771"]
[Date "2009.7.1"]
[Round "2"]
[White "giordanol"]
[Black "volga1"]
[Result "1-0"]
[WhiteElo "1819"]
[BlackElo "1931"]

1. e4 g6 2. d4 Bg7 3. Nf3 d6 4. Be2 Nd7 5. O-O e6 6. Be3 Ne7 7. Nc3 a6 8. a4 b6
9. Qd2 h6 10. b4 Bb7 11. Bd3 c6 12. Ne2 Qc7 13. c4 O-O-O 14. a5 b5 15. cxb5 cxb5
16. Rfc1 Bc6 17. Rc2 Qb7 18. Rac1 Kb8 19. d5 exd5 20. exd5 Bxd5 21. Rc7 Qxc7 22.
Rxc7 Kxc7 23. Bb6+ Nxb6 24. axb6+ Kb7 25. Ne1 Rc8 26. Nc2 Rc7 27. Ne3 Rhc8 28.
Nxd5 Nxd5 29. Be4 Kxb6 30. Bxd5 Rc2 31. Qe3+ R2c5 32. bxc5+ dxc5 33. Bxf7 g5 34.
Bd5 Ka5 35. Bb7 Rd8 36. Qa3+ Kb6 37. Qxa6+ Kc7 38. Qa5+ Kd7 39. Qxb5+ Ke6 40.
Qc4+ Kf6 41. Nc3 Kg6 42. Qe6+ Bf6 43. g4 Rb8 44. Be4+ 1-0

[Event "AUTO-ADV-1519"]
[Site "http://www.queenalice.com/game.php?id=673052"]
[Date "2009.10.27"]
[Round "1"]
[White "Ninho"]
[Black "giordanol"]
[Result "1-0"]
[WhiteElo "1977"]
[BlackElo "1899"]

1. d4 Nf6 2. c4 c5 3. Nf3 g6 4. e3 Bg7 5. Nc3 b6 6. Be2 O-O 7. Qc2 Na6 8. a3 Nc7
9. d5 d6 10. O-O Bf5 11. e4 Bg4 12. a4 Nd7 13. Bf4 Bxf3 14. Bxf3 Ne5 15. Be2 Na6
16. Na2 Qd7 17. Rac1 e6 18. Bxe5 Bxe5 19. b3 exd5 20. exd5 Qe7 21. h3 Bd4 22.
Bf3 Qh4 23. Qe4 Qg3 24. Qxd4 cxd4 25. fxg3 Nc5 26. Bd1 Rae8 27. b4 Nd3 28. Rc2
Re3 29. Re2 Rfe8 30. Rd2 Rxg3 31. Bf3 Re3 32. Kh2 Rg5 33. Rfd1 Ne1 34. Rxd4
Nxf3+ 35. gxf3 Re2+ 36. Kh1 Rxa2 37. Rg4 Re5 38. Rg2 Ree2 39. Rxe2 Rxe2 40. Rc1
Rd2 41. c5 dxc5 42. bxc5 Rxd5 43. c6 Rd8 44. Kg2 Kf8 45. Kg3 Rc8 46. Kg4 Ke7 47.
Kg5 h5 48. f4 a6 49. f5 gxf5 50. Kxf5 b5 51. axb5 axb5 52. Ke5 b4 53. Kd5 b3 54.
Rb1 Rd8+ 55. Kc5 Rc8 56. Rxb3 f6 57. Rb7+ Ke6 58. Rh7 Ra8 59. Kb6 Kd6 60. Kb7
Ra5 61. Rd7+ Ke6 62. Rd3 Rb5+ 63. Kc8 Ke7 64. Rd7+ Ke8 65. c7 Rb3 66. Rh7 Rxh3
67. Kb7 Rb3+ 68. Kc6 Rc3+ 69. Kd6 Rd3+ 70. Ke6 Re3+ 71. Kxf6 Rc3 72. Re7+ Kf8
73. Rd7 Rf3+ 74. Kg5 1-0

[Event "AUTO-ADV-1519"]
[Site "http://www.queenalice.com/game.php?id=673053"]
[Date "2009.10.27"]
[Round "1"]
[White "giordanol"]
[Black "Ninho"]
[Result "1/2-1/2"]
[WhiteElo "1894"]
[BlackElo "2007"]

1. e4 e5 2. Nf3 Nc6 3. Bb5 d6 4. d4 exd4 5. Nxd4 Bd7 6. Nxc6 bxc6 7. Ba4 Be7 8.
O-O Nf6 9. Nc3 O-O 10. Bf4 Rb8 11. Bb3 Qc8 12. e5 dxe5 13. Bxe5 Ng4 14. Bg3 Bc5
15. Kh1 Bf5 16. f3 Ne3 17. Qe2 Nxf1 18. Rxf1 Re8 19. Qc4 Be6 20. Qf4 Bd6 21.
Bxe6 Qxe6 22. Qc1 Bxg3 23. hxg3 Qg6 24. Ne4 h6 25. b3 f5 26. Nf2 Qxg3 27. Nh3
Re2 28. Nf4 Re7 29. Nh3 Rbe8 30. Qf4 Qg6 31. Rg1 c5 32. Qc4+ Qf7 33. Qxc5 c6 34.
Rd1 Rd7 35. Rxd7 Qxd7 36. Qf2 Qd1+ 37. Kh2 a5 38. Qc5 Qd5 39. Qf2 c5 40. Nf4 Qd6
41. g3 Rd8 42. Nd3 Rc8 43. Qe3 c4 44. Ne1 cxb3 45. axb3 Kf8 46. f4 Re8 47. Qf2
Qd1 48. Ng2 Re2 49. Qc5+ Kg8 50. Qc8+ Kf7 51. Qxf5+ Ke7 52. Qc5+ Ke8 53. Qb5+
Kf8 54. Qc5+ Re7 55. Nh4 Qe2+ 56. Kh1 Qf1+ 57. Kh2 Qe2+ 58. Kh1 Qf1+ 1/2-1/2

[Event "AUTO-ADV-1519"]
[Site "http://www.queenalice.com/game.php?id=673070"]
[Date "2009.10.27"]
[Round "1"]
[White "chesspool"]
[Black "giordanol"]
[Result "1/2-1/2"]
[WhiteElo "1947"]
[BlackElo "1890"]

1. d4 Nf6 2. c4 c5 3. d5 e6 4. Nc3 exd5 5. cxd5 d6 6. e4 g6 7. Nf3 Bg7 8. Bb5+
Bd7 9. Bxd7+ Qxd7 10. O-O O-O 11. Re1 b5 12. a3 a5 13. a4 b4 14. Nb5 Na6 15. Bf4
Ne8 16. e5 dxe5 17. Nxe5 Bxe5 18. Bxe5 Nec7 19. Nxc7 Nxc7 20. Bxc7 Qxc7 21. d6
Qc6 22. Re7 Rad8 23. Rc7 Qxd6 24. Qxd6 Rxd6 25. Rxc5 Rfd8 26. Kf1 Rd5 27. Rxd5
Rxd5 28. Ke2 f5 29. Rd1 Rxd1 30. Kxd1 Kf7 31. Kd2 Ke6 32. Kd3 Kd5 33. b3 g5 34.
f3 h5 35. g3 h4 36. gxh4 gxh4 37. h3 f4 38. Kc2 Kc5 1/2-1/2

[Event "AUTO-ADV-1519"]
[Site "http://www.queenalice.com/game.php?id=673071"]
[Date "2009.10.27"]
[Round "1"]
[White "giordanol"]
[Black "chesspool"]
[Result "1-0"]
[WhiteElo "1870"]
[BlackElo "1979"]

1. e4 Nf6 2. e5 Nd5 3. d4 d6 4. c4 Nb6 5. f4 dxe5 6. fxe5 Nc6 7. Nf3 Bg4 8. Be3
e6 9. Nc3 Be7 10. Be2 O-O 11. O-O Bxf3 12. Rxf3 f6 13. exf6 Bxf6 14. d5 exd5 15.
cxd5 Ne5 16. Rh3 Nec4 17. Qc2 Nxe3 18. Rxe3 Nxd5 19. Rh3 h6 20. Nxd5 Qxd5 21.
Bc4 1-0

[Event "AUTO-ADV-1618"]
[Site "http://www.queenalice.com/game.php?id=716545"]
[Date "2010.1.19"]
[Round "1"]
[White "giordanol"]
[Black "mardlucca"]
[Result "1-0"]
[WhiteElo "1904"]
[BlackElo "1924"]

1. e4 e6 2. d4 d5 3. Nc3 Nf6 4. e5 Nfd7 5. f4 c5 6. Nf3 Nc6 7. Be3 Qb6 8. b3
cxd4 9. Nxd4 Be7 10. Be2 O-O 11. O-O Bc5 12. Na4 Qc7 13. Nxc5 Nxc5 14. c4 Nxd4
15. Qxd4 b6 16. cxd5 exd5 17. Qxd5 Bb7 18. Qc4 Rac8 19. Rfd1 Ba6 20. Qc2 Bxe2
21. Qxe2 f5 22. Rac1 Qb7 23. Bxc5 Rxc5 24. Rxc5 bxc5 25. Qc4+ 1-0

[Event "AUTO-ADV-1618"]
[Site "http://www.queenalice.com/game.php?id=716546"]
[Date "2010.1.19"]
[Round "1"]
[White "mardlucca"]
[Black "giordanol"]
[Result "0-1"]
[WhiteElo "1942"]
[BlackElo "1886"]

1. e4 e5 2. Nf3 Nc6 3. Bb5 a6 4. Ba4 Nf6 5. O-O Be7 6. Re1 b5 7. Bb3 O-O 8. c3
d5 9. exd5 Nxd5 10. Bxd5 Qxd5 11. h3 f5 12. Qb3 Qxb3 13. axb3 e4 14. Nh2 Ne5 15.
f3 Nd3 16. Rf1 Bc5+ 17. Kh1 Nf2+ 18. Kg1 Nxh3+ 19. Kh1 Nf4 20. fxe4 Nh5 21. d4
Ng3+ 22. Kg1 Nxf1 23. Nxf1 Bb6 24. e5 c5 25. Bf4 cxd4 0-1

[Event "AUTO-ADV-1618"]
[Site "http://www.queenalice.com/game.php?id=716547"]
[Date "2010.1.19"]
[Round "1"]
[White "giordanol"]
[Black "ironildo_luiz"]
[Result "0-1"]
[WhiteElo "1881"]
[BlackElo "1887"]

1. e4 e5 2. Nf3 Nc6 3. Bb5 a6 4. Ba4 Nf6 5. O-O b5 6. Bb3 Bc5 7. Re1 O-O 8. c3
Bb6 9. d3 d6 10. Nbd2 Na5 11. Bc2 c5 12. a4 Bb7 13. Nf1 Re8 14. Ng3 Nc6 15. Bg5
h6 16. Be3 Ne7 17. Nh4 Ng6 18. Nhf5 d5 19. Bb3 dxe4 20. dxe4 Nxe4 21. Nxh6+ gxh6
22. Qh5 c4 23. Nf5 Bxe3 24. Rxe3 Qg5 0-1

[Event "AUTO-ADV-1618"]
[Site "http://www.queenalice.com/game.php?id=716548"]
[Date "2010.1.19"]
[Round "1"]
[White "ironildo_luiz"]
[Black "giordanol"]
[Result "1/2-1/2"]
[WhiteElo "1901"]
[BlackElo "1865"]

1. e4 e5 2. Nf3 Nc6 3. Bc4 Nf6 4. d3 Be7 5. O-O O-O 6. Bg5 d6 7. Nc3 Bg4 8. h3
Bh5 9. Bxf6 Bxf6 10. Nd5 Nd4 11. g4 Bg6 12. Nxd4 exd4 13. f4 h6 14. Qf3 c6 15.
Nxf6+ Qxf6 16. Qg3 Rae8 17. h4 d5 18. exd5 Re3 19. Qh2 Rfe8 20. dxc6 bxc6 21. g5
Qf5 22. Kh1 Re2 23. Rf2 Re1+ 24. Rf1 R8e2 25. Raxe1 Rxh2+ 26. Kxh2 h5 27. Re8+
Kh7 28. Re4 Qa5 29. Re2 1/2-1/2

[Event "AUTO-ADV-1710"]
[Site "http://www.queenalice.com/game.php?id=754536"]
[Date "2010.3.31"]
[Round "1"]
[White "gipmachado"]
[Black "giordanol"]
[Result "1-0"]
[WhiteElo "1789"]
[BlackElo "1819"]

1. e4 e5 2. Nf3 Nc6 3. Bb5 a6 4. Ba4 Nf6 5. O-O Be7 6. Re1 b5 7. Bb3 O-O 8. a4
Bb7 9. Nc3 d6 10. axb5 axb5 11. Rxa8 Qxa8 12. Nxb5 Bd8 13. d3 Qa6 14. Nc3 Nd7
15. Nd5 Kh8 16. Be3 Ne7 17. Qd2 Nxd5 18. exd5 f5 19. Qe2 f4 20. Bd2 Nc5 21. Bc4
Qb6 22. b4 Nd7 23. Kh1 Nf6 24. Ng5 Nxd5 25. Bxd5 Bxg5 26. Bxb7 Qxb7 27. f3 Bh4
28. Rb1 Qc6 29. c4 Qe8 30. b5 1-0

[Event "AUTO-ADV-1710"]
[Site "http://www.queenalice.com/game.php?id=754537"]
[Date "2010.3.31"]
[Round "1"]
[White "giordanol"]
[Black "gipmachado"]
[Result "0-1"]
[WhiteElo "1802"]
[BlackElo "1806"]

1. e4 e5 2. Nf3 Nc6 3. Bb5 a6 4. Ba4 Nf6 5. O-O Nxe4 6. Bxc6 dxc6 7. Re1 Nf6 8.
Nxe5 Be7 9. d3 O-O 10. Nc3 Be6 11. Be3 Nd5 12. Ne2 Nxe3 13. fxe3 Bf6 14. Nf3 Re8
15. e4 g6 16. Rf1 Bg7 17. Nf4 Bxb2 18. Rb1 Bd4+ 19. Kh1 Bb6 20. Ne2 Qe7 21. Qc1
Rad8 22. Qh6 Qf8 23. Qh4 Qg7 24. Ng5 f5 25. Nf4 Bc8 26. Ne2 h6 0-1

[Event "AUTO-ADV-1710"]
[Site "http://www.queenalice.com/game.php?id=754554"]
[Date "2010.3.31"]
[Round "1"]
[White "giordanol"]
[Black "Rutty"]
[Result "0-1"]
[WhiteElo "1853"]
[BlackElo "1971"]

1. e4 c5 2. Nf3 Nc6 3. d4 cxd4 4. Nxd4 Nxd4 5. Qxd4 e6 6. Bd3 d6 7. O-O Nf6 8.
Bg5 Be7 9. Nd2 h6 10. Bh4 O-O 11. Nf3 e5 12. Qc3 Bg4 13. Ne1 Rc8 14. Qd2 Qd7 15.
h3 Be6 16. Nf3 Rc5 17. b4 Rc7 18. a4 d5 19. exd5 Bxd5 20. Nxe5 Qc8 21. Bxf6 Bxf6
22. Rfe1 Re8 23. Ng4 Bxa1 24. Nxh6+ Kf8 25. Rxe8+ Qxe8 26. Bb5 Bc6 27. Nf5 Bxb5
28. Qd6+ Kg8 29. Qxc7 Qe1+ 30. Kh2 Be5+ 0-1

[Event "AUTO-ADV-1710"]
[Site "http://www.queenalice.com/game.php?id=754555"]
[Date "2010.3.31"]
[Round "1"]
[White "Rutty"]
[Black "giordanol"]
[Result "1-0"]
[WhiteElo "1932"]
[BlackElo "1842"]

1. e4 e5 2. Nf3 Nc6 3. Bc4 Nf6 4. Nc3 Be7 5. d3 O-O 6. O-O d6 7. Be3 Bg4 8. h3
Bh5 9. Kh2 h6 10. Qd2 Re8 11. a3 Bxf3 12. gxf3 Nd4 13. Bxd4 exd4 14. Ne2 c5 15.
Rg1 Kf8 16. Rg2 Nh7 17. Qf4 Bf6 18. Ng3 Qe7 19. Nf5 Be5 20. Nxe7 Bxf4+ 21. Kh1
Rxe7 22. Rag1 Ng5 23. Rg4 Bd2 24. R1g3 Bc1 25. h4 Ne6 26. Bxe6 fxe6 27. b3 Bxa3
28. h5 b5 29. f4 d5 30. f5 dxe4 31. fxe6 exd3 32. cxd3 Rd8 33. f4 1-0

[Event "AUTO-ADV-1710"]
[Site "http://www.queenalice.com/game.php?id=754556"]
[Date "2010.3.31"]
[Round "1"]
[White "giordanol"]
[Black "jpolgar99"]
[Result "0-1"]
[WhiteElo "1866"]
[BlackElo "1943"]

1. e4 c6 2. d4 d5 3. Nc3 dxe4 4. Nxe4 Bf5 5. Ng3 Bg6 6. Nf3 Nd7 7. Bd3 Bxd3 8.
Qxd3 Ngf6 9. O-O e6 10. Be3 Be7 11. Ng5 h6 12. Nf3 Nd5 13. Bd2 N7f6 14. c4 Nb6
15. Ne4 Nbd7 16. Be3 Nxe4 17. Qxe4 Nf6 18. Qe5 Bd6 19. Qh5 Nxh5 0-1

[Event "AUTO-ADV-1710"]
[Site "http://www.queenalice.com/game.php?id=754557"]
[Date "2010.3.31"]
[Round "1"]
[White "jpolgar99"]
[Black "giordanol"]
[Result "1-0"]
[WhiteElo "1951"]
[BlackElo "1830"]

1. e4 e5 2. Nf3 Nc6 3. Bb5 a6 4. Ba4 Nf6 5. O-O Be7 6. Re1 b5 7. Bb3 O-O 8. c3
d5 9. d3 dxe4 10. dxe4 Qxd1 11. Rxd1 Nxe4 12. Nbd2 Nxd2 13. Bxd2 Na5 14. Bc2 Nc6
15. Be4 Bb7 16. Nxe5 Nxe5 17. Bxb7 Ra7 18. Be4 c5 19. Be3 Rc8 20. Rd5 Nc4 21.
Bc1 Bf6 22. Bf4 Re7 23. f3 1-0